[Event "HUN-chT2 Szechenyi 1617"]
[Site "Hungary"]
[Date "2016.10.09"]
[Round "2.4"]
[White "Bende, Ede"]
[Black "Nemeth, Jozsef1111"]
[Result "1/2-1/2"]
[WhiteElo "2020"]
[BlackElo "2061"]
[PlyCount "74"]
[EventDate "2016.09.25"]
[EventType "team-tourn"]
[EventRounds "11"]
[EventCountry "HUN"]
[SourceTitle "EXT 2021"]
[Source "ChessBase"]
[SourceDate "2020.10.23"]
[SourceVersion "1"]
[SourceVersionDate "2020.10.23"]
[SourceQuality "1"]
[WhiteTeam "Gyor Szechenyi"]
[BlackTeam "Csuti Baki Agrocentrum"]
[WhiteTeamCountry "HUN"]
[BlackTeamCountry "HUN"]

1. d4 d5 2. Nf3 c6 3. c4 e6 4. Nc3 Nf6 5. e3 Bd6 6. Bd3 Nbd7 7. 0-0 0-0 8. b3 e5 9. cxd5 cxd5 10. dxe5 Nxe5 11. Be2 Nxf3+ 12. Bxf3 Bxh2+ 13. Kxh2 Qc7+ 14. Kg1 Qxc3 15. Ba3 Re8 16. Qe2 Qa5 17. Bb2 Ne4 18. Rfd1 Be6 19. Rd4 Ng5 20. b4 Nxf3+ 21. Qxf3 Qc7 22. Rc1 Qe5 23. Rd2 Qg5 24. Rc7 Rab8 25. Rdc2 Rec8 26. Rxc8+ Rxc8 27. Rxc8+ Bxc8 28. Qd1 h5 29. Qd4 Be6 30. Qxa7 h4 31. Qb8+ Kh7 32. Qf4 Qh5 33. f3 h3 34. Qg3 f6 35. gxh3 Bxh3 36. Bd4 Qf5 37. Kh2 Bf1 1/2-1/2

[Event "HUN-chT2 Breyer 1516"]
[Site "Hungary"]
[Date "2016.04.03"]
[Round "10.5"]
[White "Bende, Ede"]
[Black "Monda, Laszlo"]
[Result "1/2-1/2"]
[WhiteElo "2021"]
[BlackElo "2061"]
[PlyCount "93"]
[EventDate "2015.09.13"]
[EventType "team-tourn"]
[EventRounds "11"]
[EventCountry "HUN"]
[SourceTitle "EXT 2017"]
[Source "ChessBase"]
[SourceDate "2016.10.25"]
[SourceVersion "1"]
[SourceVersionDate "2016.10.25"]
[SourceQuality "1"]
[WhiteTeam "Gyor UDSE"]
[BlackTeam "Kobanya Aquarena"]
[WhiteTeamCountry "HUN"]
[BlackTeamCountry "HUN"]

1. d4 d5 2. Nf3 c6 3. c4 e6 4. Nc3 dxc4 5. e4 b5 6. a4 Bb4 7. Be2 Bb7 8. 0-0 a6 9. Qc2 h6 10. b3 a5 11. bxc4 Bxc3 12. Qxc3 b4 13. Qe3 Nd7 14. Bb2 Ngf6 15. d5 exd5 16. exd5+ Qe7 17. dxc6 Bxc6 18. Qxe7+ Kxe7 19. Nd4 Be4 20. f3 Bg6 21. Rfe1 Rhc8 22. Nb3 Kf8 23. Bd4 Bc2 24. Nd2 Rab8 25. Bd1 Bxd1 26. Rexd1 Nc5 27. Bxc5+ Rxc5 28. Rab1 Rd8 29. Nb3 Rxd1+ 30. Rxd1 Rxc4 31. Nxa5 Rc5 32. Nb3 Rc3 33. Rb1 Nd5 34. a5 Nc7 35. Kf2 Na6 36. Ke2 Rc2+ 37. Kf1 Ke7 38. Nd4 Rc5 39. Ke2 Kd7 40. Ra1 Kd6 41. Ra2 Kd5 42. Nb3 Rc3 43. Nd2 Kd4 44. Rb2 Ra3 45. g3 Rxa5 46. Rxb4+ Nxb4 47. Nb3+ 1/2-1/2

[Event "HUN-chT2 Breyer 1516"]
[Site "Hungary"]
[Date "2016.03.20"]
[Round "9.6"]
[White "Bende, Ede"]
[Black "Balazs, Andras"]
[Result "1-0"]
[WhiteElo "2021"]
[BlackElo "1910"]
[PlyCount "75"]
[EventDate "2015.09.13"]
[EventType "team-tourn"]
[EventRounds "11"]
[EventCountry "HUN"]
[SourceTitle "EXT 2017"]
[Source "ChessBase"]
[SourceDate "2016.10.25"]
[SourceVersion "1"]
[SourceVersionDate "2016.10.25"]
[SourceQuality "1"]
[WhiteTeam "Gyor UDSE"]
[BlackTeam "Nyergesujfalu"]
[WhiteTeamCountry "HUN"]
[BlackTeamCountry "HUN"]

1. d4 d5 2. Nf3 e6 3. c4 a6 4. e3 Nf6 5. Nc3 Be7 6. Bd3 dxc4 7. Bxc4 b5 8. Bd3 Bb7 9. 0-0 0-0 10. Qe2 Nbd7 11. Rd1 Rc8 12. b3 Nb6 13. e4 c6 14. Bb2 Qc7 15. Rac1 Qb8 16. Nb1 Qf4 17. Rc2 c5 18. dxc5 Bxc5 19. Be5 Qh6 20. Rxc5 Rxc5 21. Bd6 Rc1 22. Bxf8 Kxf8 23. Nbd2 Rc5 24. Nd4 Nbd7 25. N2f3 Qf4 26. g3 Qc7 27. b4 Rc1 28. Ng5 Ke7 29. f3 h6 30. Nh3 Ne5 31. Bc2 Rxd1+ 32. Bxd1 Qb6 33. Qf2 Qxd4 34. Qxd4 Ned7 35. Qa7 Bc6 36. Qc7 Ba8 37. Qc8 Nb6 38. Qc5+ 1-0

[Event "HUN-chT2 Breyer 1516"]
[Site "Hungary"]
[Date "2016.02.14"]
[Round "7.6"]
[White "Bende, Ede"]
[Black "Furesz, Jozsef"]
[Result "1-0"]
[WhiteElo "2021"]
[BlackElo "1914"]
[PlyCount "77"]
[EventDate "2015.09.13"]
[EventType "team-tourn"]
[EventRounds "11"]
[EventCountry "HUN"]
[SourceTitle "EXT 2017"]
[Source "ChessBase"]
[SourceDate "2016.10.25"]
[SourceVersion "1"]
[SourceVersionDate "2016.10.25"]
[SourceQuality "1"]
[WhiteTeam "Gyor UDSE"]
[BlackTeam "Turul"]
[WhiteTeamCountry "HUN"]
[BlackTeamCountry "HUN"]

1. d4 d5 2. c4 e5 3. dxe5 d4 4. Nf3 Nc6 5. a3 f6 6. exf6 Nxf6 7. Bg5 Be7 8. e3 dxe3 9. Qxd8+ Bxd8 10. Bxe3 0-0 11. h3 Be6 12. Ng5 Bf5 13. g4 Bg6 14. Nd2 Ne5 15. Ne6 Re8 16. Nf4 Bf7 17. Rc1 a5 18. Rc3 Nfd7 19. Bg2 Bf6 20. Nd5 Bd8 21. 0-0 c6 22. Nf4 Nb6 23. c5 Nbd7 24. Ne4 Nc4 25. Bc1 Bc7 26. Rd1 Be5 27. Rcd3 Nf6 28. Nxf6+ gxf6 29. Rd7 Nxb2 30. Bxb2 Bxb2 31. Rb1 Bc3 32. Nd3 Bg6 33. Rbxb7 Bxd3 34. Rxd3 Re1+ 35. Bf1 Bb2 36. Rxb2 Rae8 37. Rb7 Rc1 38. Kg2 Ree1 39. Rd8+ 1-0

[Event "HUN-chT2 Breyer 1516"]
[Site "Hungary"]
[Date "2015.11.08"]
[Round "4.5"]
[White "Bende, Ede"]
[Black "Feher, Attila"]
[Result "1/2-1/2"]
[WhiteElo "2021"]
[BlackElo "2130"]
[PlyCount "140"]
[EventDate "2015.09.13"]
[EventType "team-tourn"]
[EventRounds "11"]
[EventCountry "HUN"]
[SourceTitle "CBM 170 Extra"]
[Source "ChessBase"]
[SourceDate "2016.02.25"]
[SourceVersion "1"]
[SourceVersionDate "2016.02.25"]
[SourceQuality "1"]
[WhiteTeam "Gyor UDSE"]
[BlackTeam "TTC Sakk"]
[WhiteTeamCountry "HUN"]
[BlackTeamCountry "HUN"]

1. d4 f5 2. g4 fxg4 3. e4 d6 4. h3 Nf6 5. Nc3 c6 6. Bg5 Qb6 7. Rb1 e5 8. dxe5 dxe5 9. Bxf6 gxf6 10. hxg4 Be6 11. g5 Bc5 12. Qh5+ Bf7 13. Qf3 Nd7 14. Bh3 0-0-0 15. Nge2 fxg5 16. b4 Bd4 17. Nxd4 Qxd4 18. b5 Kc7 19. bxc6 bxc6 20. Rd1 Qc4 21. Rxd7+ Rxd7 22. Bxd7 Kxd7 23. Qf5+ Qe6 24. Qxg5 Rg8 25. Qe3 h5 26. Qxa7+ Kd6 27. Qa6 Ke7 28. Qa7+ Kf6 29. Qb6 Rg4 30. Qe3 Qc4 31. Qd3 Qd4 32. Qxd4 exd4 33. f3 Rg3 34. Kf2 Rg8 35. Ne2 c5 36. Rh4 Ra8 37. Rf4+ Ke7 38. Rf5 Rc8 39. Kg3 Rg8+ 40. Kf2 Rc8 41. a4 h4 42. a5 h3 43. a6 h2 44. Kg2 Bc4 45. Nf4 Bxa6 46. Kxh2 c4 47. Re5+ Kf7 48. Rf5+ Ke7 49. Nd5+ Ke8 50. Re5+ Kf8 51. Re6 Bb7 52. Nb6 Rc7 53. Na4 Bc6 54. Nb2 c3 55. Nd3 Bb5 56. Nb4 Rc4 57. Nd5 Ba4 58. Nb6 Rc6 59. Rxc6 Bxc6 60. Nc4 Ba4 61. Na3 Bxc2 62. Nb5 Bxe4 63. Nxd4 Bxf3 64. Kg3 Be4 65. Kf4 Bh7 66. Ke5 Ke7 67. Kd5 Bg8+ 68. Kc5 Bh7 69. Kb4 c2 70. Nxc2 Bxc2 1/2-1/2

[Event "HUN-chT2 Breyer 1415"]
[Site "Hungary"]
[Date "2015.03.22"]
[Round "?"]
[White "Peczeli, Zoltan"]
[Black "Bende, Ede"]
[Result "1-0"]
[WhiteElo "2041"]
[BlackElo "2043"]
[PlyCount "91"]
[EventDate "2014.09.07"]
[EventType "team-tourn"]
[EventRounds "11"]
[EventCountry "HUN"]
[SourceTitle "EXT 2016"]
[Source "ChessBase"]
[SourceDate "2015.10.08"]
[SourceVersion "1"]
[SourceVersionDate "2015.10.08"]
[SourceQuality "1"]
[WhiteTeam "Zsambek"]
[BlackTeam "Gyor UDSE"]
[WhiteTeamCountry "HUN"]
[BlackTeamCountry "HUN"]

1. c4 e6 2. Nc3 d5 3. cxd5 exd5 4. d4 c6 5. Qc2 Bd6 6. Nf3 Ne7 7. Bg5 f6 8. Bh4 Bf5 9. Qb3 Qb6 10. e3 Qxb3 11. axb3 Bc2 12. Nd2 0-0 13. Bg3 Nf5 14. Bxd6 Nxd6 15. g3 Nd7 16. Bh3 f5 17. Ke2 c5 18. Rhc1 cxd4 19. Rxc2 dxc3 20. Rxc3 Nb5 21. Rd3 Nb6 22. Rc1 g6 23. Bg2 Rac8 24. Rxc8 Rxc8 25. Bxd5+ Nxd5 26. Rxd5 a6 27. Nc4 Rc7 28. Kd2 Kf7 29. Nd6+ Nxd6 30. Rxd6 Kg7 31. h4 Kh6 32. f3 Rc5 33. Rb6 Rc7 34. g4 Rf7 35. Kd3 Rd7+ 36. Kc3 Rf7 37. Kd4 Rd7+ 38. Ke5 fxg4 39. fxg4 Re7+ 40. Kf4 Rf7+ 41. Ke5 Re7+ 42. Re6 Rc7 43. e4 Rc2 44. Re7 Rxb2 45. g5+ Kh5 46. Kf4 1-0

[Event "HUN-chT2 Breyer 1415"]
[Site "Hungary"]
[Date "2015.02.08"]
[Round "?"]
[White "Bende, Ede"]
[Black "Balogh, Tibor"]
[Result "1/2-1/2"]
[WhiteElo "2043"]
[BlackElo "1847"]
[PlyCount "90"]
[EventDate "2014.09.07"]
[EventType "team-tourn"]
[EventRounds "11"]
[EventCountry "HUN"]
[SourceTitle "EXT 2016"]
[Source "ChessBase"]
[SourceDate "2015.10.08"]
[SourceVersion "1"]
[SourceVersionDate "2015.10.08"]
[SourceQuality "1"]
[WhiteTeam "Gyor UDSE"]
[BlackTeam "Szechenyi"]
[WhiteTeamCountry "HUN"]
[BlackTeamCountry "HUN"]

1. d4 Nf6 2. Nf3 e6 3. c4 b6 4. Nc3 Bb7 5. e3 d5 6. Bd3 Nbd7 7. 0-0 Rc8 8. b3 Bb4 9. Bb2 0-0 10. Ne5 Bxc3 11. Bxc3 Ne4 12. Bb4 c5 13. Ba3 f5 14. f3 Nef6 15. Rc1 Nxe5 16. dxe5 Nd7 17. f4 Qe8 18. Be2 Rd8 19. Bh5 g6 20. Bf3 Qf7 21. g4 Nb8 22. Qe1 d4 23. e4 Kh8 24. Rd1 Rg8 25. g5 Bxe4 26. Bxe4 fxe4 27. Qxe4 Qf5 28. Qxf5 gxf5 29. Rd3 Rg7 30. b4 Rc8 31. bxc5 bxc5 32. Rb1 Nd7 33. Rb5 Nb6 34. Bxc5 Nxc4 35. Rxd4 a6 36. Rb4 Nxe5 37. h4 Nf3+ 38. Kf2 Nxg5 39. fxg5 Rxc5 40. Rb8+ Rg8 41. Rb7 e5 42. Rdd7 Rgc8 43. Rxh7+ Kg8 44. Rbg7+ Kf8 45. Rf7+ Kg8 1/2-1/2

[Event "HUN-chT2 Breyer 1415"]
[Site "Hungary"]
[Date "2014.11.16"]
[Round "?"]
[White "Bende, Ede"]
[Black "Koncz, Imre"]
[Result "0-1"]
[WhiteElo "2043"]
[BlackElo "2148"]
[PlyCount "96"]
[EventDate "2014.09.07"]
[EventType "team-tourn"]
[EventRounds "11"]
[EventCountry "HUN"]
[SourceTitle "EXT 2016"]
[Source "ChessBase"]
[SourceDate "2015.10.08"]
[SourceVersion "1"]
[SourceVersionDate "2015.10.08"]
[SourceQuality "1"]
[WhiteTeam "Gyor UDSE"]
[BlackTeam "Szazhalombatta"]
[WhiteTeamCountry "HUN"]
[BlackTeamCountry "HUN"]

1. d4 Nf6 2. Nf3 g6 3. c4 Bg7 4. Nc3 d5 5. e3 0-0 6. Be2 c5 7. 0-0 cxd4 8. Nxd4 dxc4 9. Bxc4 a6 10. Qb3 b5 11. Be2 e5 12. Nf3 Be6 13. Qb4 Nc6 14. Qh4 Nd5 15. Qxd8 Rfxd8 16. Nxd5 Bxd5 17. Rd1 e4 18. Ne1 Rac8 19. a4 Bc4 20. Rxd8+ Rxd8 21. Bxc4 bxc4 22. Kf1 Rb8 23. Rb1 Rb4 24. Nc2 Rxa4 25. Ra1 Rxa1 26. Nxa1 Nb4 27. f3 exf3 28. gxf3 a5 29. Ke2 Nd3 30. Kd2 Nxb2 31. Nc2 c3+ 32. Ke2 a4 33. Na3 Bf8 34. Nc2 a3 35. e4 a2 36. Na1 Ba3 37. Nb3 Nc4 38. Bxa3 Nxa3 39. Kd3 Nb5 40. Na1 Kg7 41. f4 Kh6 42. Kc2 Kh5 43. h3 Kh4 44. Kb3 Kxh3 45. f5 gxf5 46. exf5 Kg2 47. Kxa2 Nd4 48. f6 h5 0-1

[Event "HUN-chT2 Breyer 1415"]
[Site "Hungary"]
[Date "2014.10.12"]
[Round "?"]
[White "Vass, Istvan"]
[Black "Bende, Ede"]
[Result "1/2-1/2"]
[WhiteElo "2056"]
[BlackElo "2043"]
[PlyCount "46"]
[EventDate "2014.09.07"]
[EventType "team-tourn"]
[EventRounds "11"]
[EventCountry "HUN"]
[SourceTitle "EXT 2016"]
[Source "ChessBase"]
[SourceDate "2015.10.08"]
[SourceVersion "1"]
[SourceVersionDate "2015.10.08"]
[SourceQuality "1"]
[WhiteTeam "MAFC"]
[BlackTeam "Gyor UDSE"]
[WhiteTeamCountry "HUN"]
[BlackTeamCountry "HUN"]

1. e4 e6 2. d4 d5 3. Nc3 Bb4 4. e5 c5 5. a3 Bxc3+ 6. bxc3 Nc6 7. Bb5 cxd4 8. Bxc6+ bxc6 9. cxd4 c5 10. Ne2 cxd4 11. Qxd4 Ne7 12. 0-0 0-0 13. Bg5 Ba6 14. Rfe1 Qc7 15. Ng3 Ng6 16. h4 h6 17. Bxh6 gxh6 18. Nh5 Qc4 19. Qe3 Kh7 20. Nf6+ Kg7 21. Nh5+ Kh7 22. Nf6+ Kg7 23. Nh5+ Kh7 1/2-1/2

[Event "HUN-chT2 Breyer 1314"]
[Site "Hungary"]
[Date "2014.04.27"]
[Round "9"]
[White "Mazak, Lajos"]
[Black "Bende, Ede"]
[Result "0-1"]
[WhiteElo "1835"]
[BlackElo "2038"]
[PlyCount "94"]
[EventDate "2013.09.08"]
[EventType "team-tourn"]
[EventRounds "9"]
[EventCountry "HUN"]
[SourceTitle "EXT 2016"]
[Source "ChessBase"]
[SourceDate "2015.10.08"]
[SourceVersion "1"]
[SourceVersionDate "2015.10.08"]
[SourceQuality "1"]
[WhiteTeam "Pet"]
[BlackTeam "Gyor Komszomol"]
[WhiteTeamCountry "HUN"]
[BlackTeamCountry "HUN"]

1. d4 d5 2. Bf4 c6 3. Nf3 Nf6 4. h3 Nbd7 5. e3 Nb6 6. Bd3 e6 7. 0-0 Bd6 8. Bxd6 Qxd6 9. Ne5 c5 10. Bb5+ Bd7 11. Bxd7+ Nbxd7 12. Nxd7 Nxd7 13. c3 0-0-0 14. Qd2 g5 15. dxc5 Nxc5 16. b4 Ne4 17. Qd4 Kb8 18. Nd2 Nxd2 19. Qxd2 Rhg8 20. Qe2 f5 21. Qh5 Qe5 22. Rac1 g4 23. h4 g3 24. Qf3 gxf2+ 25. Rxf2 Rg3 26. Qf4 Rxe3 27. Qxe5+ Rxe5 28. Rf3 Rg8 29. Kf2 Rg4 30. g3 Rge4 31. Rc2 Kc7 32. a4 a5 33. Rb2 axb4 34. cxb4 Rc4 35. Re3 Kd6 36. a5 Rxe3 37. Kxe3 e5 38. b5 d4+ 39. Ke2 e4 40. Ra2 Rc3 41. a6 bxa6 42. bxa6 Rxg3 43. Ra4 f4 44. a7 f3+ 45. Kf2 Rg2+ 46. Kf1 e3 47. Rxd4+ Ke5 0-1

[Event "HUN-chT2 Breyer 1314"]
[Site "Hungary"]
[Date "2014.04.13"]
[Round "8"]
[White "Bende, Ede"]
[Black "Nagy, Tamas1111"]
[Result "0-1"]
[WhiteElo "2038"]
[BlackElo "1715"]
[PlyCount "68"]
[EventDate "2013.09.08"]
[EventType "team-tourn"]
[EventRounds "9"]
[EventCountry "HUN"]
[SourceTitle "EXT 2016"]
[Source "ChessBase"]
[SourceDate "2015.10.08"]
[SourceVersion "1"]
[SourceVersionDate "2015.10.08"]
[SourceQuality "1"]
[WhiteTeam "Gyor Komszomol"]
[BlackTeam "Gyor Szechenyi"]
[WhiteTeamCountry "HUN"]
[BlackTeamCountry "HUN"]

1. d4 d5 2. Nf3 Nf6 3. c4 c6 4. Nc3 dxc4 5. e4 b5 6. e5 Nd5 7. a4 Nxc3 8. bxc3 e6 9. Be2 Be7 10. h4 Nd7 11. Ng5 h6 12. Ne4 Nb6 13. axb5 cxb5 14. Ba3 0-0 15. Nd6 Bxd6 16. Bxd6 Re8 17. Rh3 Bb7 18. Bh5 a6 19. Qg4 Kh8 20. Bxf7 Qd7 21. Bxe8 Rxe8 22. Qg6 Nd5 23. Rg3 Nf4 24. Qg4 Nd3+ 25. Ke2 Qf7 26. f3 Qd7 27. Kd2 Rg8 28. h5 Qf7 29. Rh1 Qd7 30. Rh4 b4 31. cxb4 Qa4 32. Qxe6 Qa2+ 33. Kd1 Qb1+ 34. Kd2 Qc1+ 0-1

[Event "HUN-chT2 Breyer 1314"]
[Site "Hungary"]
[Date "2013.09.22"]
[Round "2"]
[White "Albert, Janos"]
[Black "Bende, Ede"]
[Result "0-1"]
[WhiteElo "1953"]
[BlackElo "2038"]
[PlyCount "66"]
[EventDate "2013.09.08"]
[EventType "team-tourn"]
[EventRounds "9"]
[EventCountry "HUN"]
[SourceTitle "EXT 2016"]
[Source "ChessBase"]
[SourceDate "2015.10.08"]
[SourceVersion "1"]
[SourceVersionDate "2015.10.08"]
[SourceQuality "1"]
[WhiteTeam "Zsambek"]
[BlackTeam "Gyor Komszomol"]
[WhiteTeamCountry "HUN"]
[BlackTeamCountry "HUN"]

1. e4 e6 2. d4 d5 3. e5 c5 4. c3 Nc6 5. Nf3 Nge7 6. a3 Qb6 7. b4 cxd4 8. cxd4 Bd7 9. Nc3 Nf5 10. Na4 Qc7 11. Nc5 Bxc5 12. bxc5 b6 13. cxb6 Qxb6 14. Be3 Nxe3 15. fxe3 Rb8 16. Bd3 Qa5+ 17. Kf2 Rb2+ 18. Kg3 f6 19. Rf1 Ke7 20. Qc1 Rb3 21. Bxh7 Rc3 22. Qb1 f5 23. Bxf5 exf5 24. e6 Bxe6 25. Qb7+ Bd7 26. Ne5 Rxe3+ 27. Kf2 Qd2+ 28. Kg1 Nxe5 29. dxe5 Rxe5 30. Rad1 Qe3+ 31. Kh1 Re4 32. Qxd5 Rxh2+ 33. Kxh2 Rh4# 0-1

[Event "HUN-chT2 Breyer 1213"]
[Site "Hungary"]
[Date "2012.12.02"]
[Round "5.4"]
[White "Bende, Ede"]
[Black "Furesz, Jozsef"]
[Result "0-1"]
[WhiteElo "2068"]
[BlackElo "2010"]
[PlyCount "36"]
[EventDate "2012.09.16"]
[EventType "team-tourn"]
[EventRounds "11"]
[EventCountry "HUN"]
[SourceTitle "EXT 2014"]
[Source "ChessBase"]
[SourceDate "2013.11.20"]
[SourceVersion "1"]
[SourceVersionDate "2013.11.20"]
[SourceQuality "1"]
[WhiteTeam "Gyor Komszomol"]
[BlackTeam "Turul"]
[WhiteTeamCountry "HUN"]
[BlackTeamCountry "HUN"]

1. d4 Nf6 2. Nf3 g6 3. c4 Bg7 4. Nc3 0-0 5. e4 d6 6. Be2 Bg4 7. Qb3 Qc8 8. 0-0 Nc6 9. Be3 e5 10. d5 Na5 11. Qa4 b6 12. b4 Nb7 13. Qb3 a5 14. a3 Nh5 15. Ng5 Nf4 16. Bxf4 exf4 17. Rad1 Bxc3 18. Ne6 Bxe2 0-1

[Event "HUN-chT2 Breyer 1213"]
[Site "Hungary"]
[Date "2012.11.18"]
[Round "4.4"]
[White "Sallai, Kalman"]
[Black "Bende, Ede"]
[Result "1-0"]
[WhiteElo "2119"]
[BlackElo "2068"]
[PlyCount "85"]
[EventDate "2012.09.16"]
[EventType "team-tourn"]
[EventRounds "11"]
[EventCountry "HUN"]
[SourceTitle "EXT 2014"]
[Source "ChessBase"]
[SourceDate "2013.11.20"]
[SourceVersion "1"]
[SourceVersionDate "2013.11.20"]
[SourceQuality "1"]
[WhiteTeam "Torokbalint"]
[BlackTeam "Gyor Komszomol"]
[WhiteTeamCountry "HUN"]
[BlackTeamCountry "HUN"]

1. e4 e6 2. d4 d5 3. Nd2 c5 4. Ngf3 Nc6 5. exd5 exd5 6. Be2 Nf6 7. 0-0 cxd4 8. Nb3 Be7 9. Nfxd4 0-0 10. Bf3 Ne5 11. Re1 Nxf3+ 12. Qxf3 Re8 13. Bf4 Bd7 14. h3 a5 15. a4 Bb4 16. c3 Rxe1+ 17. Rxe1 Bf8 18. Nb5 Bxb5 19. axb5 a4 20. Nd4 a3 21. bxa3 Rxa3 22. Bg5 Qc8 23. Bxf6 Rxc3 24. Qf4 gxf6 25. Nf5 Qc4 26. Nd4 Qc8 27. Qxf6 Bg7 28. Qg5 h6 29. Qxd5 Rc1 30. Nf3 Rxe1+ 31. Nxe1 Qc1 32. Qd8+ Kh7 33. Qd3+ Kg8 34. Qe3 Qb1 35. Qe8+ Kh7 36. g3 Qa2 37. Qe4+ Kg8 38. Qxb7 Qa1 39. Qc8+ Kh7 40. Qe8 Qc1 41. Kg2 Qc5 42. Nf3 Bf8 43. Qxf7+ 1-0

[Event "HUN-chT2 Breyer 1213"]
[Site "Hungary"]
[Date "2012.11.04"]
[Round "3.4"]
[White "Bende, Ede"]
[Black "Kovacs, Geza"]
[Result "1-0"]
[WhiteElo "2068"]
[BlackElo "2078"]
[PlyCount "137"]
[EventDate "2012.09.16"]
[EventType "team-tourn"]
[EventRounds "11"]
[EventCountry "HUN"]
[SourceTitle "EXT 2014"]
[Source "ChessBase"]
[SourceDate "2013.11.20"]
[SourceVersion "1"]
[SourceVersionDate "2013.11.20"]
[SourceQuality "1"]
[WhiteTeam "Gyor Komszomol"]
[BlackTeam "Esztergom"]
[WhiteTeamCountry "HUN"]
[BlackTeamCountry "HUN"]

1. d4 e6 2. c4 f5 3. g4 g6 4. gxf5 exf5 5. Bg2 Nf6 6. Nc3 Bg7 7. Bg5 0-0 8. Qb3 Nc6 9. 0-0-0 h6 10. c5+ Kh7 11. Bf4 Nh5 12. Bxc6 bxc6 13. Be5 d6 14. Bxg7 Nxg7 15. cxd6 cxd6 16. Nf3 Be6 17. Qa3 Qc7 18. Kb1 Rab8 19. d5 cxd5 20. Nxd5 Qc4 21. Nc3 Rfc8 22. Rc1 Rb6 23. Nd2 Qf4 24. Nf3 Rcb8 25. Rc2 Bc4 26. Rd1 Ra6 27. Qxa6 Bxa6 28. Rd4 Ne6 29. Rxf4 Nxf4 30. b3 Nh3 31. Nd1 Re8 32. Nd4 Nf4 33. Rc7+ Kg8 34. e3 Nd5 35. Rxa7 Bd3+ 36. Kb2 f4 37. Rd7 fxe3 38. fxe3 Nxe3 39. Nf2 Bf5 40. Rxd6 Kg7 41. a4 Rb8 42. Kc3 Rc8+ 43. Rc6 Rf8 44. a5 Bd7 45. Rd6 Rxf2 46. Rxd7+ Kf6 47. Rd6+ Kf7 48. Nc6 Rxh2 49. Ne5+ Ke7 50. Rxg6 h5 51. a6 Ra2 52. b4 Nd5+ 53. Kb3 Ra1 54. b5 Nc7 55. Rb6 h4 56. Nc6+ Kd7 57. Nd4 h3 58. Rh6 Nxa6 59. bxa6 h2 60. Rh7+ Kc8 61. Rxh2 Rxa6 62. Rh7 Ra1 63. Nb5 Kd8 64. Kc4 Ke8 65. Nd4 Re1 66. Kd5 Re7 67. Rh8+ Kf7 68. Nf5 Ra7 69. Rh7+ 1-0

[Event "HUN-chT2 Breyer 1112"]
[Site "Hungary"]
[Date "2012.05.20"]
[Round "11.2"]
[White "Dudas, Janos"]
[Black "Bende, Ede"]
[Result "1-0"]
[WhiteElo "2338"]
[BlackElo "2116"]
[PlyCount "75"]
[EventDate "2011.09.25"]
[EventType "team-tourn"]
[EventRounds "11"]
[EventCountry "HUN"]
[SourceTitle "EXT 2013"]
[Source "ChessBase"]
[SourceDate "2012.11.22"]
[SourceVersion "1"]
[SourceVersionDate "2012.11.22"]
[SourceQuality "1"]
[WhiteTeam "Torokbalint"]
[BlackTeam "Gyor Komszomol"]
[WhiteTeamCountry "HUN"]
[BlackTeamCountry "HUN"]

1. d4 d5 2. c4 c6 3. Nf3 Nf6 4. Nc3 e6 5. cxd5 exd5 6. Bg5 h6 7. Bh4 Be7 8. Qc2 0-0 9. e3 Re8 10. Bd3 Nbd7 11. 0-0 Ne4 12. Bxe7 Qxe7 13. Rab1 Ndf6 14. b4 Nxc3 15. Qxc3 a6 16. Rfc1 Ne4 17. Qc2 Bg4 18. Ne5 Bh5 19. f4 f5 20. Bxe4 dxe4 21. Qc5 Qe6 22. Qc4 Qxc4 23. Rxc4 Be2 24. Rc5 Rad8 25. a4 Rd5 26. Kf2 Bh5 27. Rxd5 cxd5 28. Rc1 Re6 29. Rc8+ Kh7 30. a5 Be8 31. Rd8 Re7 32. Rxd5 g5 33. g3 gxf4 34. gxf4 Rc7 35. Rc5 Rxc5 36. bxc5 Kg7 37. d5 Bb5 38. c6 1-0

[Event "HUN-chT2 Breyer 1112"]
[Site "Hungary"]
[Date "2011.11.13"]
[Round "3.3"]
[White "Varga, Vilmos"]
[Black "Bende, Ede"]
[Result "1/2-1/2"]
[WhiteElo "2114"]
[BlackElo "2116"]
[PlyCount "56"]
[EventDate "2011.09.25"]
[EventType "team-tourn"]
[EventRounds "11"]
[EventCountry "HUN"]
[SourceTitle "EXT 2013"]
[Source "ChessBase"]
[SourceDate "2012.11.22"]
[SourceVersion "1"]
[SourceVersionDate "2012.11.22"]
[SourceQuality "1"]
[WhiteTeam "Zsambek"]
[BlackTeam "Gyor Komszomol"]
[WhiteTeamCountry "HUN"]
[BlackTeamCountry "HUN"]

1. e4 e6 2. d4 d5 3. Nc3 Bb4 4. e5 c5 5. a3 Bxc3+ 6. bxc3 Nc6 7. Qg4 g6 8. Nf3 Qa5 9. Bd2 Qa4 10. Kd1 Nge7 11. Qf4 h6 12. dxc5 Qxf4 13. Bxf4 g5 14. Bg3 Nf5 15. Bb5 Bd7 16. Rb1 g4 17. Bxc6 gxf3 18. Bxb7 Rb8 19. c6 fxg2 20. Rg1 Bc8 21. Ke2 Bxb7 22. cxb7 Kd7 23. f4 Kc6 24. Rxg2 Rhg8 25. Rgg1 Rxb7 26. Rxb7 Kxb7 27. Bf2 Rc8 28. Kd3 Ka6 1/2-1/2

[Event "HUN-chT2 Breyer 1011"]
[Site "Hungary"]
[Date "2011.04.17"]
[Round "9.3"]
[White "Fekete, Jozsef"]
[Black "Bende, Ede"]
[Result "1-0"]
[WhiteElo "2182"]
[BlackElo "2157"]
[PlyCount "157"]
[EventDate "2010.09.12"]
[EventType "team-tourn"]
[EventRounds "11"]
[EventCountry "HUN"]
[SourceTitle "EXT 2012"]
[Source "ChessBase"]
[SourceDate "2011.11.24"]
[SourceVersion "1"]
[SourceVersionDate "2011.11.24"]
[SourceQuality "1"]
[WhiteTeam "Biatorbagy"]
[BlackTeam "Gyor Komszomol"]
[WhiteTeamCountry "HUN"]
[BlackTeamCountry "HUN"]

1. d4 d5 2. Bf4 Nf6 3. e3 e6 4. Bd3 Bd6 5. Bg3 c6 6. Nd2 Qc7 7. c3 Nbd7 8. f4 b5 9. Ngf3 Ng4 10. Qe2 f5 11. Ne5 Ndf6 12. h3 Nh6 13. Nxc6 a6 14. Ne5 b4 15. cxb4 Bxb4 16. 0-0 Qb6 17. Rfc1 Bb7 18. a3 Bxd2 19. Qxd2 Ne4 20. Bxe4 fxe4 21. Be1 Nf5 22. g4 Nd6 23. Qb4 Qd8 24. Qa4+ Nb5 25. Qa5 0-0 26. Qxd8 Rfxd8 27. Ba5 Rdc8 28. Kf2 Na7 29. Nd7 Rc6 30. Rc5 Rac8 31. Rac1 Rxc5 32. Nxc5 Rc6 33. Ke2 Nb5 34. Kd2 Bc8 35. Nb3 Rxc1 36. Nxc1 h5 37. gxh5 Kh7 38. Ne2 Nd6 39. b3 Nf5 40. Bd8 Kh6 41. Nc3 Kxh5 42. Nd1 Bd7 43. a4 Kh6 44. Kc3 Be8 45. Bg5+ Kh7 46. Kd2 Bh5 47. Nc3 Kg8 48. b4 Ng3 49. Ke1 Nf5 50. Kf2 Be8 51. b5 axb5 52. axb5 Nd6 53. b6 Bc6 54. Bd8 Kf7 55. Bc7 Nb7 56. Kg3 Na5 57. Kg4 Nc4 58. Nd1 Ke7 59. f5 Na5 60. h4 Bb5 61. Nc3 Bc6 62. Kg5 Be8 63. Be5 exf5 64. Nxd5+ Kd7 65. Kxf5 Kc6 66. Ne7+ Kxb6 67. Bxg7 Kc7 68. Kxe4 Kd6 69. Nf5+ Ke6 70. d5+ Kd7 71. Kf4 Nc4 72. e4 Nb6 73. Bd4 Nc4 74. e5 Bg6 75. e6+ Ke8 76. Bc5 Nd2 77. d6 Nc4 78. d7+ Kd8 79. Be7+ 1-0